Kto napisał tę książkę? #1 - Statystyki

Ogólne statystyki
  • Ten quiz został rozwiązany 432 razy
  • Średni wynik to 6 z 12
Statystyki odpowiedzi
Tytuł książki Autor % Poprawnych
Krzyżacy Henryk Sienkiewicz
92%
Hobbit, czyli tam i z powrotem J.R.R. Tolkien
82%
Kamienie na szaniec Aleksander Kamiński
70%
Ludzie bezdomni Stefan Żeromski
66%
Dzieci z Bullerbyn Astrid Lindgren
57%
Szatan z siódmej klasy Kornel Makuszyński
49%
Kubuś Puchatek A.A. Milne
45%
Król Maciuś Pierwszy Janusz Korczak
38%
Chłopcy z Placu Broni Ferenc Molnár
29%
Ten obcy Irena Jurgielewiczowa
28%
Przygody Pinokia Carlo Collodi
24%
O psie, który jeździł koleją Roman Pisarski
12%
Nie znaleziono quizów pasujących do podanych kryteriów
Rozkład punktacji
Procent ludzi z każdym wynikiem
Percentyl według liczby udzielonych odpowiedzi
Twoja historia wyników
Nie rozwiązałeś tego quizu